000 00813nab a2200241 u 4500
001 09408
003 HDC
007 cr bn ---aaaaa
008 210201c2010 my dr|nes 0 a eng d
040 _aHDC
100 _aZurinna Raja Adam
_eauthor
_99725
245 0 _aGlobal Standards Launched / by
_cZurinna Raja Adam
260 _aKuala Lumpur :
_bThe New Straits Times Press (M) Bhd.,
_c2010
336 _atext
_2rdacontent
337 _acomputer
_2rdamedia
338 _aonline resource
_2rdacarrier
650 _aHalal alliance
_99726
650 _ahalal standards
_92716
856 _zRequest full-text at [email protected]
942 _2lcc
942 _cNEWS
942 _kNWSC 002465
999 _c6731
_d6731